Central Library OPAC University of Rajshahi

Chaucer : (Record no. 54942)

MARC details
000 -LEADER
fixed length control field 00772nam a2200253 a 4500
001 - CONTROL NUMBER
control field 54942
003 - CONTROL NUMBER IDENTIFIER
rucl marc code BD-RjUL
005 - DATE AND TIME OF LATEST TRANSACTION
control field 20211209080207.0
008 - FIXED-LENGTH DATA ELEMENTS--GENERAL INFORMATION
fixed length control field 161113s1967 nyu 000 0 eng d
035 ## - SYSTEM CONTROL NUMBER
System control number 59-06854
System control number (BD-RjUL)55064
040 ## - CATALOGING SOURCE
Original cataloging agency DLC
Transcribing agency DLC
Modifying agency m.c
-- EQO
Language of cataloging eng
041 ## - LANGUAGE CODE
Language code of text/sound track or separate title eng
082 ## - DEWEY DECIMAL CLASSIFICATION NUMBER
Classification number 828.1
Author mark and year CHA 1967
245 00 - TITLE STATEMENT
Title Chaucer :
Remainder of title modern essays in criticism /
Statement of responsibility, etc. edited by Edward Wagenknecht.
260 ## - PUBLICATION, DISTRIBUTION, ETC. (IMPRINT)
Place of publication, distribution, etc. New York ;
-- London :
Name of publisher, distributor, etc. Oxford University Press,
Date of publication, distribution, etc. 1959 [Reprint 1967]
300 ## - PHYSICAL DESCRIPTION
Pagination x, 413 p. ;
Size 21 cm.
490 1# - SERIES STATEMENT
Series statement Galaxy book ;
Volume/sequential designation GB 24
600 10 - SUBJECT ADDED ENTRY--PERSONAL NAME
Personal name Chaucer, Geoffrey,
Dates associated with a name -1400.
700 1# - ADDED ENTRY--PERSONAL NAME
Personal name Wagenknecht, Edward,
Dates associated with a name 1900-2004.
830 #0 - SERIES ADDED ENTRY--UNIFORM TITLE
Uniform title Galaxy book ;
Volume number/sequential designation GB 24
942 ## - ADDED ENTRY ELEMENTS (KOHA)
Source of classification or shelving scheme Dewey Decimal Classification
Koha item type Books
Holdings
Lost status Source of classification or shelving scheme Damaged status Not for loan Collection code Permanent Location Current Location Shelving location Date acquired Source of acquisition Cost, normal purchase price Total Checkouts Full call number Date last seen Copy number Koha item type
  Dewey Decimal Classification     Non-fiction Central Library, University of Rajshahi Central Library, University of Rajshahi   13/02/1973 Oxford University Press 27.60   828.1 CHA 1967 13/11/2016 C-2 Books
  Dewey Decimal Classification   Not For Loan Non-fiction Central Library, University of Rajshahi Central Library, University of Rajshahi Reading Room 02/11/1968 Zeitlinger 21.00   828.1 CHA 1967 02/02/2017 C-1 Books